|
|
|
|
| LEADER |
01753nam a2200325 a 4500 |
| 001 |
18966 |
| 003 |
BD-DhAAL |
| 005 |
20230614152807.0 |
| 008 |
090812r19781990nyu b 001 0 eng d |
| 020 |
|
|
|a 9780140268683
|
| 040 |
|
|
|a DLC
|c DLC
|d m.c.
|d ORE
|d BD-DhAAL
|
| 082 |
|
|
|a 301.417
|2 23
|
| 100 |
1 |
|
|a Foucault, Michel.
|9 19095
|
| 245 |
1 |
4 |
|a The history of sexuality :
|b the will to knowledge,
|n volume 1 /
|c Michel Foucault ; translated from the French by Robert Hurley.
|
| 260 |
|
|
|a New York :
|b Penguin Books,
|c c1978 [reprinted 1990].
|
| 300 |
|
|
|a 168 pages ;
|c 22 cm.
|
| 362 |
0 |
|
|a Vol. 1
|
| 500 |
|
|
|a Translation of Histoire de la sexualit.̌
|
| 504 |
|
|
|a Includes bibliographical references and index.
|
| 526 |
|
|
|a ESS
|
| 541 |
1 |
|
|e 18966, 31843, 31844, 31845
|
| 650 |
|
0 |
|a Sex customs
|x History.
|9 19096
|
| 650 |
|
0 |
|a Economics.
|9 43460
|
| 852 |
4 |
|
|a Ayesha Abed Library
|c General Stacks
|
| 942 |
|
|
|2 ddc
|c BK
|
| 999 |
|
|
|c 3088
|d 3088
|
| 952 |
|
|
|0 0
|1 0
|2 ddc
|4 0
|6 301_417000000000000_FOU
|7 0
|9 2801
|a BIGD
|b BIGD
|c GEN
|d 2009-08-30
|g 1236.00
|l 0
|o 301.417 FOU
|p 3050018966
|r 2009-08-30
|t 1
|w 2009-08-30
|y BK
|x Transferred from BDI to BIGD ; £8.99
|
| 952 |
|
|
|0 0
|1 0
|2 ddc
|4 0
|6 301_417000000000000_FOU
|7 0
|9 60724
|a BRACUL
|b BRACUL
|c GEN
|d 2017-05-22
|e Karim International
|g 680.00
|l 8
|m 6
|o 301.417 FOU
|p 3010031844
|r 2025-03-18
|s 2025-03-03
|t 3
|v 680.00
|w 2017-05-22
|y BK
|
| 952 |
|
|
|0 0
|1 0
|2 ddc
|4 0
|6 301_417000000000000_FOU
|7 0
|9 60725
|a BRACUL
|b BRACUL
|c GEN
|d 2017-05-22
|e Karim International
|g 680.00
|l 4
|m 53
|o 301.417 FOU
|p 3010031843
|r 2025-08-06
|s 2025-02-23
|t 2
|v 680.00
|w 2017-05-22
|y BK
|
| 952 |
|
|
|0 0
|1 0
|2 ddc
|4 0
|6 301_417000000000000_FOU
|7 0
|9 60726
|a BRACUL
|b BRACUL
|c GEN
|d 2017-05-22
|e Karim International
|g 680.00
|l 3
|m 20
|o 301.417 FOU
|p 3010031845
|r 2025-09-15
|s 2025-08-20
|t 4
|v 680.00
|w 2017-05-22
|y BK
|